[Event "European Youth Chess Championship G14"]
[Site "Prague, Top Hotel Prague"]
[Date "2012.08.23"]
[Round "7.10"]
[White "Janska, Jitka"]
[Black "Egorova, Ayyyna"]
[Result "0-1"]
[WhiteElo "1892"]
[BlackElo "1833"]
[PlyCount "0"]
[EventDate "2012.08.17"]

1. e4 {[%clk 1:30:58]} Nf6 {[%clk 1:30:52]} 2. e5 {[%clk 1:31:24]} Nd5
{[%clk 1:31:17]} 3. d4 {[%clk 1:31:49]} d6 {[%clk 1:31:40]} 4. Nf3
{[%clk 1:32:14]} Bg4 {[%clk 1:31:52]} 5. Be2 {[%clk 1:32:39]} c6 {[%clk 1:32:15]}
6. O-O {[%clk 1:31:12]} Bxf3 {[%clk 1:32:23]} 7. Bxf3 {[%clk 1:31:35]} dxe5
{[%clk 1:32:48]} 8. dxe5 {[%clk 1:31:09]} e6 {[%clk 1:33:12]} 9. Qe2
{[%clk 1:25:23]} Nd7 {[%clk 1:33:22]} 10. a3 {[%clk 1:11:53]} Qc7
{[%clk 1:32:38]} 11. Re1 {[%clk 1:12:17]} Ne7 {[%clk 1:30:24]} 12. Bg4
{[%clk 1:05:04]} Ng6 {[%clk 1:25:06]} 13. f4 {[%clk 1:04:26]} Bc5+
{[%clk 1:25:22]} 14. Kh1 {[%clk 1:02:58]} O-O {[%clk 1:22:31]} 15. Nc3
{[%clk 0:59:53]} Nb6 {[%clk 1:21:20]} 16. Ne4 {[%clk 0:58:42]} Be7
{[%clk 1:21:35]} 17. Qf3 {[%clk 0:55:23]} Rad8 {[%clk 1:19:40]} 18. b3
{[%clk 0:53:04]} a5 {[%clk 1:18:38]} 19. Bd2 {[%clk 0:52:17]} Ra8
{[%clk 1:13:58]} 20. Qh3 {[%clk 0:43:40]} Nd5 {[%clk 1:09:18]} 21. Rf1
{[%clk 0:29:43]} Ndxf4 {[%clk 1:06:25]} 22. Bxf4 {[%clk 0:24:46]} Nxf4
{[%clk 1:06:49]} 23. Rxf4 {[%clk 0:20:41]} Qxe5 {[%clk 1:07:08]} 24. Raf1
{[%clk 0:20:31]} f5 {[%clk 1:07:00]} 25. Qg3 {[%clk 0:20:15]} Qb2
{[%clk 1:04:12]} 26. Bh3 {[%clk 0:17:48]} fxe4 {[%clk 1:03:37]} 27. Bxe6+
{[%clk 0:18:11]} Kh8 {[%clk 1:04:03]} 28. Bf5 {[%clk 0:09:48]} Qxc2
{[%clk 0:57:29]} 29. R4f2 {[%clk 0:08:17]} Qd3 {[%clk 0:55:47]} 30. Qg4
{[%clk 0:04:33]} Rf6 {[%clk 0:51:48]} 31. Qxe4 {[%clk 0:02:01]} Qxe4
{[%clk 0:51:02]} 32. Bxe4 {[%clk 0:02:29]} Rxf2 {[%clk 0:49:25]} 33. Rxf2
{[%clk 0:02:58]} Bxa3 {[%clk 0:49:39]} 34. g3 {[%clk 0:02:21]} Re8
{[%clk 0:45:52]} 35. Bd3 {[%clk 0:00:56]} g6 {[%clk 0:45:26]} 36. Rf7
{[%clk 0:00:46]} Re7 {[%clk 0:44:51]} 37. Rf3 {[%clk 0:00:53]} Kg7
{[%clk 0:44:34]} 38. Kg2 {[%clk 0:00:42]} Bc5 {[%clk 0:42:56]} 39. Rf1
{[%clk 0:00:37]} Re3 {[%clk 0:41:34]} 40. Bc4 {[%clk 0:30:41]} b5
{[%clk 1:11:17]} 41. Rf7+ {[%clk 0:24:15]} Kh6 {[%clk 1:11:33]} 42. Bf1
{[%clk 0:24:19]} Rxb3 {[%clk 1:11:38]} 43. Rc7 {[%clk 0:23:37]} Rb2+
{[%clk 1:12:02]} 44. Kh3 {[%clk 0:22:50]} a4 {[%clk 1:08:55]} 45. Rxc6
{[%clk 0:22:09]} a3 {[%clk 1:09:04]} 46. Ra6 {[%clk 0:21:51]} b4 {[%clk 1:08:15]}
47. Bc4 {[%clk 0:21:01]} b3 {[%clk 1:08:37]} 48. Ra5 {[%clk 0:19:07]} a2
{[%clk 1:08:56]} 49. Bxb3 {[%clk 0:19:02]} Rxb3 {[%clk 1:09:05]} 50. Rxa2
{[%clk 0:19:27]} Bd4 {[%clk 1:08:39]} 51. Rd2 {[%clk 0:18:20]} Bg7
{[%clk 1:07:58]} 52. Rd6 {[%clk 0:16:19]} Rb2 {[%clk 1:07:52]} 53. Rd7
{[%clk 0:16:15]} Bc3 {[%clk 1:06:34]} 54. Rd3 {[%clk 0:16:06]} Be5
{[%clk 1:06:12]} 55. Rd5 {[%clk 0:15:43]} Bc7 {[%clk 1:06:18]} 56. Rd7
{[%clk 0:14:48]} Bb6 {[%clk 1:06:15]} 57. Rd1 {[%clk 0:11:22]} Kg5
{[%clk 1:02:44]} 58. Rd5+ {[%clk 0:10:47]} Kf6 {[%clk 1:02:42]} 59. Rd1
{[%clk 0:09:55]} h5 {[%clk 0:55:58]} 60. Rf1+ {[%clk 0:07:20]} Kg5
{[%clk 0:53:45]} 61. Re1 {[%clk 0:05:37]} Kh6 {[%clk 0:53:40]} 62. Rd1
{[%clk 0:05:46]} g5 {[%clk 0:51:28]} 63. g4 {[%clk 0:04:45]} Rb3+
{[%clk 0:49:41]} 64. Kg2 {[%clk 0:05:09]} hxg4 {[%clk 0:49:58]} 65. Rd2
{[%clk 0:04:27]} Be3 {[%clk 0:49:51]} 66. Re2 {[%clk 0:03:44]} Bf4
{[%clk 0:50:05]} 67. Re6+ {[%clk 0:03:22]} Kh5 {[%clk 0:50:24]} 68. Re2
{[%clk 0:03:09]} Rd3 {[%clk 0:50:32]} 69. Re8 {[%clk 0:03:22]} Rd2+
{[%clk 0:50:17]} 70. Kg1 {[%clk 0:03:39]} Bxh2+ {[%clk 0:50:35]} 71. Kh1
{[%clk 0:04:04]} Bf4 {[%clk 0:49:47]} 0-1

[Event "European Youth Chess Championship G14"]
[Site "Prague, Top Hotel Prague"]
[Date "2012.08.23"]
[Round "7.11"]
[White "Dadello, Aleksandra"]
[Black "Egyed, Viktoria"]
[Result "0-1"]
[WhiteElo "1888"]
[BlackElo "1748"]
[PlyCount "62"]
[EventDate "2012.08.17"]

1. e4 c5 2. Nf3 e6 3. d4 cxd4 4. Nxd4 a6 5. Nc3 Qc7 6. Bd3 Nf6 7. f4 d6 8. Qf3
b5 9. g4 Bb7 10. g5 Nfd7 11. Be3 Nc5 12. a3 Nc6 13. Qh3 Qb6 14. O-O Qc7 15. f5
Bc8 16. g6 Nxd4 17. gxf7+ Qxf7 18. Bxd4 e5 19. Be3 g6 20. Kh1 gxf5 21. exf5
Bb7+ 22. Kg1 Rg8+ 23. Kf2 Bg2 24. Qxg2 Rxg2+ 25. Kxg2 Nxd3 26. cxd3 Be7 27.
Rae1 Kd7 28. Kh1 Rg8 29. d4 Qc4 30. f6 Bf8 31. dxe5 Qc6+ 0-1

[Event "European Youth Chess Championship G14"]
[Site "Prague, Top Hotel Prague"]
[Date "2012.08.23"]
[Round "7.12"]
[White "Lahav, Michal"]
[Black "Schnegg, Anna-Lena"]
[Result "1/2-1/2"]
[WhiteElo "1744"]
[BlackElo "2088"]
[PlyCount "49"]
[EventDate "2012.08.17"]

1. e4 c5 2. Nf3 d6 3. c3 Nf6 4. h3 Nbd7 5. Bd3 b6 6. O-O Bb7 7. Re1 Qc7 8. Bc2
e6 9. d4 cxd4 10. cxd4 Rc8 11. Nc3 Be7 12. Bf4 O-O 13. Rc1 a6 14. e5 dxe5 15.
dxe5 Nh5 16. Ne2 Nxf4 17. Nxf4 Bxf3 18. Qxf3 g6 19. Bxg6 Qxc1 20. Bxh7+ Kxh7
21. Qh5+ Kg7 22. Qg5+ Kh7 23. Qh5+ Kg7 24. Qg5+ Kh7 25. Qh5+ 1/2-1/2

[Event "European Youth Chess Championship G14"]
[Site "Prague, Top Hotel Prague"]
[Date "2012.08.23"]
[Round "7.13"]
[White "Bluhm, Sonja Maria"]
[Black "Wu, Min"]
[Result "1/2-1/2"]
[WhiteElo "1977"]
[BlackElo "1831"]
[PlyCount "78"]
[EventDate "2012.08.17"]

1. a3 d5 2. Nf3 Nf6 3. g3 c5 4. Bg2 Nc6 5. O-O e6 6. d3 Be7 7. Nbd2 O-O 8. c4
Re8 9. b3 Rb8 10. Bb2 b5 11. Qc2 Qb6 12. Rab1 a6 13. Rfc1 Bb7 14. cxb5 axb5 15.
Bxf6 gxf6 16. e4 Ne5 17. Nxe5 fxe5 18. Nf3 Qd6 19. Qe2 Bf6 20. Qe3 Rec8 21. Qh6
Qe7 22. exd5 Bxd5 23. Re1 Bg7 24. Qh5 f6 25. Nh4 Rd8 26. Bh3 Ra8 27. a4 Qf7 28.
Qg4 f5 29. Qg5 Rd7 30. axb5 Rb8 31. b4 Rxb5 32. bxc5 Rdb7 33. Rxb5 Rxb5 34. Rc1
Qc7 35. Qe3 Bf8 36. Qg5+ Bg7 37. Qe3 Bf8 38. Qg5+ Bg7 39. Qe3 Bf8 1/2-1/2

[Event "European Youth Chess Championship G14"]
[Site "Prague, Top Hotel Prague"]
[Date "2012.08.23"]
[Round "7.14"]
[White "Edilsultanova, Zalina"]
[Black "Malassagne, Isabelle"]
[Result "1-0"]
[WhiteElo "1719"]
[BlackElo "1897"]
[PlyCount "85"]
[EventDate "2012.08.17"]

1. e4 e6 2. d4 d5 3. Nd2 Nf6 4. e5 Nfd7 5. Bd3 c5 6. c3 Nc6 7. Ne2 cxd4 8. cxd4
f6 9. exf6 Nxf6 10. O-O Bd6 11. Nf3 Qc7 12. Bg5 O-O 13. Bh4 Nh5 14. Qc2 Kh8 15.
Bxh7 Rxf3 16. gxf3 Bxh2+ 17. Kg2 Nf4+ 18. Kxh2 Nxe2+ 19. Bg3 Qf7 20. Qxe2 Kxh7
21. Qd3+ Kg8 22. Kg2 Qf6 23. Rad1 Bd7 24. Rh1 Rc8 25. Rh4 Ne7 26. Qh7+ Kf7 27.
Be5 Qg6+ 28. Qxg6+ Nxg6 29. Rg4 Rd8 30. Rg1 Nxe5 31. dxe5 Bb5 32. Rb4 a6 33.
Rf4+ Ke7 34. Kh3 Rg8 35. Rc1 Bc6 36. b4 Rh8+ 37. Rh4 Rf8 38. Kg3 Rf5 39. Re1 d4
40. Rf4 Rg5+ 41. Rg4 Rf5 42. f4 Kf8 43. Rd1 1-0

[Event "European Youth Chess Championship G14"]
[Site "Prague, Top Hotel Prague"]
[Date "2012.08.23"]
[Round "7.15"]
[White "Pychova, Nela"]
[Black "Maslova, Polina"]
[Result "1/2-1/2"]
[WhiteElo "1786"]
[BlackElo "1867"]
[PlyCount "94"]
[EventDate "2012.08.17"]

1. e4 c5 2. Nf3 e6 3. d4 cxd4 4. Nxd4 Nf6 5. Nc3 Nc6 6. Be2 Bb4 7. Nxc6 bxc6 8.
Qd3 O-O 9. O-O d5 10. exd5 cxd5 11. Bf4 Nd7 12. Qg3 Kh8 13. Bd3 Bxc3 14. bxc3
Re8 15. Rfe1 f6 16. Bc7 Qe7 17. c4 Bb7 18. cxd5 Bxd5 19. c4 Bc6 20. Bd6 Qf7 21.
f4 Rac8 22. Re3 Bb7 23. Qh4 g6 24. Rg3 Kg7 25. Rh3 Rh8 26. Qh6+ Kg8 27. Re1 Rc6
28. c5 Nxc5 29. Bxc5 Rxc5 30. Bxg6 Qg7 31. Qxg7+ Kxg7 32. Bd3 Bd5 33. a4 Ra5
34. Bb5 a6 35. Bd7 Kf7 36. Rhe3 h6 37. Bxe6+ Bxe6 38. Rxe6 Rxa4 39. f5 Rd8 40.
Re7+ Kg8 41. Ra7 Rf4 42. Rxa6 Rxf5 43. Rf1 Rxf1+ 44. Kxf1 Kg7 45. Kf2 Rd2+ 46.
Kf3 Rd3+ 47. Ke4 Rd2 1/2-1/2

[Event "European Youth Chess Championship G14"]
[Site "Prague, Top Hotel Prague"]
[Date "2012.08.23"]
[Round "7.16"]
[White "Imanly, Magrura"]
[Black "Mokshanova, Elizaveta"]
[Result "0-1"]
[WhiteElo "1670"]
[BlackElo "1859"]
[PlyCount "150"]
[EventDate "2012.08.17"]

1. e4 c5 2. Nc3 Nc6 3. g3 g6 4. Bg2 Bg7 5. d3 d6 6. Be3 Nf6 7. h3 O-O 8. Nge2
Rb8 9. O-O b5 10. a3 Bd7 11. f4 a5 12. a4 b4 13. Nb5 Ne8 14. Rb1 Nc7 15. Nxc7
Qxc7 16. b3 Nd4 17. g4 f5 18. gxf5 gxf5 19. Ng3 Be8 20. exf5 Nxf5 21. Nxf5 Rxf5
22. Be4 Rf6 23. d4 cxd4 24. Bxd4 e5 25. fxe5 Rxf1+ 26. Qxf1 dxe5 27. Be3 Bg6
28. Bxg6 hxg6 29. Qd3 e4 30. Qxe4 Qg3+ 31. Kh1 Qxh3+ 32. Kg1 Qg3+ 33. Kf1 Rf8+
34. Ke2 Qh2+ 35. Kd3 Rd8+ 36. Kc4 Qc7+ 37. Bc5 Rd4+ 38. Qxd4 Bxd4 39. Kxd4 Qf4+
40. Kd5 Qf5+ 41. Kc6 Qxc2 42. Rg1 Kf7 43. Kb5 Ke6 44. Bb6 Kd6 45. Kxa5 Kc6 46.
Rg5 Qe4 47. Rc5+ Kb7 48. Rc7+ Kb8 49. Rc4 Qd5+ 50. Kxb4 g5 51. a5 Qd2+ 52. Kb5
Qd7+ 53. Kb4 g4 54. a6 g3 55. Rd4 Qe7+ 56. Bc5 Qe1+ 57. Kb5 Qe6 58. Rd6 Qxb3+
59. Kc6 Qa4+ 60. Kb6 Qe8 61. Rd2 g2 62. Rxg2 Qe6+ 63. Ka5 Qd5 64. Rb2+ Ka8 65.
Kb5 Qd3+ 66. Kb6 Qd8+ 67. Kb5 Qb8+ 68. Bb6 Qe5+ 69. Kc6 Qxb2 70. Kc7 Qa3 71. a7
Qe7+ 72. Kc6 Qb7+ 73. Kc5 Qe4 74. Kb5 Qb7 75. Ka5 Qd5+ 0-1

[Event "European Youth Chess Championship G14"]
[Site "Prague, Top Hotel Prague"]
[Date "2012.08.23"]
[Round "7.17"]
[White "Shapar, Tatiana"]
[Black "Kubosova, Jana"]
[Result "1/2-1/2"]
[WhiteElo "1845"]
[BlackElo "1497"]
[PlyCount "101"]
[EventDate "2012.08.17"]

1. e4 c5 2. Nf3 Nc6 3. d4 cxd4 4. Nxd4 g6 5. c4 Bg7 6. Be3 Nf6 7. Nc3 O-O 8.
Be2 d6 9. Nc2 Be6 10. Na3 Rc8 11. f3 Na5 12. Bxa7 b6 13. e5 Nd7 14. exd6 exd6
15. Qxd6 Be5 16. Bxb6 Qxb6 17. Qd2 Qd4 18. Qc2 Nc5 19. g3 Bf5 20. Qd1 Qxd1+ 21.
Nxd1 Na4 22. g4 Be6 23. Rb1 Rb8 24. b3 Nc3 25. Nxc3 Bxc3+ 26. Kf2 Bb4 27. Nc2
Bc5+ 28. Kg3 Rfd8 29. Rhd1 Bd6+ 30. Kg2 Nc6 31. a3 Na5 32. c5 Bxb3 33. Rxb3
Rxb3 34. Rxd6 Rc8 35. Nd4 Rc3 36. c6 Nc4 37. Bxc4 Rxc4 38. Kg3 Kf8 39. h4 Ke7
40. Rd7+ Ke8 41. Rd6 Rd8 42. Nb5 Ke7 43. Rxd8 Kxd8 44. Nd6 Rxc6 45. Nxf7+ Ke7
46. Ng5 h6 47. Ne4 Ra6 48. Nc3 Rxa3 49. Nd5+ Kf7 50. Nf4 Ra5 51. Nd3 1/2-1/2

[Event "European Youth Chess Championship G14"]
[Site "Prague, Top Hotel Prague"]
[Date "2012.08.23"]
[Round "7.18"]
[White "Heinemann, Josefine"]
[Black "Dakhundaridze, Nino"]
[Result "1-0"]
[WhiteElo "1839"]
[BlackElo "1635"]
[PlyCount "53"]
[EventDate "2012.08.17"]

1. e4 c5 2. Nf3 d6 3. d4 cxd4 4. Nxd4 Nf6 5. Nc3 g6 6. Be3 Bg7 7. f3 Nc6 8. Qd2
O-O 9. O-O-O d5 10. Kb1 Nxd4 11. e5 Nd7 12. Bxd4 Nxe5 13. Qe1 Nc6 14. Bxg7 Kxg7
15. Nxd5 e5 16. h4 Be6 17. Nf4 Qe7 18. Nxe6+ Qxe6 19. h5 Rad8 20. Bd3 a5 21. a3
b5 22. g4 b4 23. g5 bxa3 24. hxg6 fxg6 25. Qh4 Rh8 26. Bc4 a2+ 27. Ka1 1-0

[Event "European Youth Chess Championship G14"]
[Site "Prague, Top Hotel Prague"]
[Date "2012.08.23"]
[Round "7.19"]
[White "Fuskova, Martina"]
[Black "Gazikova, Veronika"]
[Result "0-1"]
[WhiteElo "1752"]
[BlackElo "2033"]
[PlyCount "88"]
[EventDate "2012.08.17"]

1. e4 Nf6 2. e5 Nd5 3. d4 d6 4. c4 Nb6 5. exd6 exd6 6. Nc3 Nc6 7. h3 Be7 8. Nf3
Bf5 9. a3 O-O 10. Be2 Bf6 11. O-O Na5 12. b3 c5 13. Be3 d5 14. Rc1 dxc4 15.
bxc4 Nbxc4 16. dxc5 Qxd1 17. Nxd1 Nxa3 18. Bd4 Nb3 19. Rc3 Nxd4 20. Nxd4 Bxd4
21. Rxa3 Bxc5 22. Rb3 b6 23. Nc3 Rab8 24. Ra1 a5 25. Bb5 Bd4 26. Raa3 Bxc3 27.
Rxc3 Rfc8 28. Kf1 Rxc3 29. Rxc3 Rc8 30. Rb3 Kf8 31. Ke2 Be6 32. Rb2 Ke7 33. Ke3
Kd6 34. Kd4 Rc5 35. Ke3 Kc7 36. Rb1 Bc4 37. Bxc4 Rxc4 38. Kd3 Rc6 39. Kd4 f6
40. Kd5 Rd6+ 41. Ke4 Rd7 42. Ke3 Kc6 43. Rc1+ Kb5 44. Rb1+ Ka6 0-1

[Event "European Youth Chess Championship G14"]
[Site "Prague, Top Hotel Prague"]
[Date "2012.08.23"]
[Round "7.20"]
[White "Valieva, Rufina"]
[Black "Rouffignac, Marie"]
[Result "1-0"]
[WhiteElo "1928"]
[BlackElo "1715"]
[PlyCount "23"]
[EventDate "2012.08.17"]

1. d4 Nf6 2. Nc3 d5 3. Bg5 e6 4. e4 dxe4 5. Nxe4 Be7 6. Bxf6 Bxf6 7. Nf3 O-O 8.
Qd3 b6 9. Nxf6+ Qxf6 10. Qe4 c6 11. Bd3 h6 12. Qh7# 1-0

[Event "European Youth Chess Championship G14"]
[Site "Prague, Top Hotel Prague"]
[Date "2012.08.23"]
[Round "7.21"]
[White "Rodriguez Manzaneda, Irene"]
[Black "Hojjatova, Aydan"]
[Result "0-1"]
[WhiteElo "1734"]
[BlackElo "1920"]
[PlyCount "76"]
[EventDate "2012.08.17"]

1. e4 g6 2. d4 Bg7 3. Nf3 d6 4. Bc4 Nf6 5. Nc3 O-O 6. Bg5 Nc6 7. Qd2 a6 8. a4
Nxe4 9. Bxf7+ Rxf7 10. Nxe4 Bg4 11. c3 Bxf3 12. gxf3 Rxf3 13. h4 Qd7 14. Rg1
Raf8 15. O-O-O Qf5 16. Rde1 Qa5 17. d5 Ne5 18. Kb1 Qxa4 19. Bxe7 R8f4 20. Qe2
Qc4 21. Qxc4 Nxc4 22. Bg5 Rf5 23. Rd1 Nb6 24. Bd8 Nxd5 25. c4 Rf8 26. Rxd5 Rxd8
27. c5 Rb3 28. Rd2 d5 29. h5 Re8 30. Ng5 h6 31. Ka2 Rb4 32. Nf3 Rf4 33. Ne1 g5
34. Rxd5 Rxf2 35. Nd3 Rd2 36. Rf1 Re3 37. Rd8+ Kh7 38. Rf7 Rexd3 0-1

[Event "European Youth Chess Championship G14"]
[Site "Prague, Top Hotel Prague"]
[Date "2012.08.23"]
[Round "7.22"]
[White "Gueci, Tea"]
[Black "Suchomelova, Simona"]
[Result "1/2-1/2"]
[WhiteElo "1917"]
[BlackElo "1742"]
[PlyCount "104"]
[EventDate "2012.08.17"]

1. e4 e5 2. Nf3 Nf6 3. Nxe5 d6 4. Nf3 Nxe4 5. Bd3 d5 6. Qe2 Qe7 7. O-O Nc5 8.
Re1 Qxe2 9. Bxe2 Be7 10. d4 Ne4 11. Bd3 f5 12. Nbd2 Nd7 13. c4 c6 14. Rb1 O-O
15. b4 Bf6 16. b5 g5 17. Nb3 g4 18. Nfd2 Bg7 19. Nxe4 fxe4 20. Be2 Nf6 21. Na5
cxb5 22. cxd5 Nxd5 23. Bxb5 Nc3 24. Bc4+ Kh8 25. Rb3 Bxd4 26. Be3 Bxe3 27. Rxe3
Na4 28. Bd5 Nc5 29. Rbc3 Nd3 30. Rxe4 Nf4 31. Bb3 b6 32. Nc6 Bb7 33. Rc2 Rac8
34. Rec4 Rf6 35. Ne5 Re8 36. Rxf4 Rxf4 37. Re2 Re4 38. Nf7+ Kg7 39. Rxe4 Rxe4
40. h3 gxh3 41. gxh3 Rd4 42. Ng5 Rh4 43. Ne6+ Kf6 44. Nd8 Bf3 45. Kh2 Bg4 46.
Kg3 Rxh3+ 47. Kxg4 Rh1 48. Nc6 h5+ 49. Kg3 a5 50. Nd4 Ke5 51. Nf3+ Kd6 52. Nd2
b5 1/2-1/2

[Event "European Youth Chess Championship G14"]
[Site "Prague, Top Hotel Prague"]
[Date "2012.08.23"]
[Round "7.23"]
[White "Santeramo, Alessia"]
[Black "Dzurjaninova, Hana"]
[Result "1/2-1/2"]
[WhiteElo "1867"]
[BlackElo "1544"]
[PlyCount "81"]
[EventDate "2012.08.17"]

1. e4 e6 2. d4 d5 3. Nc3 dxe4 4. Nxe4 Nd7 5. Nf3 Ngf6 6. Nxf6+ Nxf6 7. Bd3 Bd6
8. Qe2 Bd7 9. Bg5 h6 10. Bh4 c6 11. O-O-O Qc7 12. Ne5 Bxe5 13. dxe5 Nd5 14. Bc4
b5 15. Bxd5 cxd5 16. f4 Qc4 17. Qxc4 bxc4 18. Bf2 O-O 19. g4 a5 20. b3 cxb3 21.
cxb3 Rfc8+ 22. Kb2 a4 23. Rc1 Bb5 24. Bc5 axb3 25. axb3 Rc6 26. b4 Rca6 27. Ra1
Rxa1 28. Rxa1 Rxa1 29. Kxa1 f6 30. exf6 gxf6 31. h4 Kf7 32. Kb2 Be2 33. g5 fxg5
34. fxg5 hxg5 35. hxg5 Kg6 36. Kc3 Kxg5 37. Kd4 Kf5 38. Bd6 Bc4 39. Be5 Bf1 40.
Bd6 Bc4 41. Be5 1/2-1/2

[Event "European Youth Chess Championship G14"]
[Site "Prague, Top Hotel Prague"]
[Date "2012.08.23"]
[Round "7.24"]
[White "Semonaviciute, Agne"]
[Black "Vasova, Maria"]
[Result "0-1"]
[WhiteElo "1656"]
[BlackElo "1804"]
[PlyCount "58"]
[EventDate "2012.08.17"]

1. e4 d6 2. Nc3 Nf6 3. d4 g6 4. f4 Bg7 5. Nf3 O-O 6. Bd3 Na6 7. a3 c5 8. Bxa6
cxd4 9. Nxd4 bxa6 10. Be3 Ng4 11. Bg1 Bd7 12. h3 Nf6 13. Be3 Qc7 14. O-O Rab8
15. Rb1 Rfd8 16. e5 dxe5 17. fxe5 Qxe5 18. Bf4 Qc5 19. Bxb8 Nh5 20. Kh1 Bxd4
21. Bh2 Bc6 22. Qd3 Qg5 23. Rg1 Bb6 24. Qc4 Bxg1 25. Qxc6 Bxh2 26. Kxh2 Qg3+
27. Kh1 Nf4 28. Rg1 Nxh3 29. Ne2 Nf2# 0-1

[Event "European Youth Chess Championship G14"]
[Site "Prague, Top Hotel Prague"]
[Date "2012.08.23"]
[Round "7.25"]
[White "Dmochowska, Agnieszka"]
[Black "Kafetzi, Angeliki"]
[Result "1-0"]
[WhiteElo "1770"]
[BlackElo "1687"]
[PlyCount "53"]
[EventDate "2012.08.17"]

1. d4 d5 2. c4 e6 3. Nc3 Nf6 4. Nf3 Be7 5. Bf4 Nh5 6. Be5 f6 7. Bg3 Nxg3 8.
hxg3 O-O 9. e3 Rf7 10. Bd3 g6 11. Qc2 c6 12. Nh4 e5 13. cxd5 cxd5 14. Nxd5 Qxd5
15. Qxc8+ Bf8 16. Bc4 Qd7 17. Bxf7+ Kxf7 18. Rc1 Qxc8 19. Rxc8 Bd6 20. Nf3 Kg7
21. dxe5 fxe5 22. Ng5 h5 23. g4 a5 24. gxh5 gxh5 25. Ne6+ Kf6 26. Nc7 Ra7 27.
Ne8+ 1-0

[Event "European Youth Chess Championship G14"]
[Site "Prague, Top Hotel Prague"]
[Date "2012.08.23"]
[Round "7.26"]
[White "Kanakova, Natalka"]
[Black "Sagadijeva, Anna"]
[Result "1/2-1/2"]
[WhiteElo "1652"]
[BlackElo "1890"]
[PlyCount "81"]
[EventDate "2012.08.17"]

1. e4 a6 2. d4 b5 3. Bd3 Bb7 4. Bf4 Nf6 5. Nd2 d6 6. Ngf3 c5 7. c3 g6 8. O-O
Bg7 9. a4 c4 10. Bc2 Nbd7 11. Re1 O-O 12. b3 Qc7 13. b4 e5 14. Bg3 Nh5 15. d5
Nxg3 16. hxg3 Nf6 17. Nf1 Ng4 18. N1h2 Nxh2 19. Kxh2 f6 20. g4 Bh6 21. Rh1 Bf4+
22. g3 Bg5 23. Kg2 Qd7 24. Nxg5 fxg5 25. f3 Qf7 26. Qe2 Kg7 27. Rh3 h5 28. Rah1
Rh8 29. Qe3 hxg4 30. Rxh8 gxf3+ 31. Qxf3 Qxf3+ 32. Kxf3 Rxh8 33. Rxh8 Kxh8 34.
axb5 axb5 35. Kg4 Kg7 36. Kxg5 Bc8 37. g4 Bd7 38. Bd1 Bc8 39. Be2 Bd7 40. Bf3
Bc8 41. Be2 1/2-1/2

[Event "European Youth Chess Championship G14"]
[Site "Prague, Top Hotel Prague"]
[Date "2012.08.23"]
[Round "7.27"]
[White "Bulmaga, Elena"]
[Black "Kyrkjebo, Marte B"]
[Result "1-0"]
[WhiteElo "1809"]
[BlackElo "1628"]
[PlyCount "75"]
[EventDate "2012.08.17"]

1. d4 d5 2. c4 c6 3. Nc3 Nf6 4. Nf3 a6 5. c5 Nbd7 6. Bg5 e6 7. e3 Be7 8. Bd3 e5
9. Nxe5 Nxe5 10. dxe5 Ng4 11. Bf4 Bxc5 12. h3 d4 13. Ne4 Bb4+ 14. Kf1 Nh6 15.
Qb3 Be7 16. Bc4 O-O 17. Bxh6 gxh6 18. Rd1 b5 19. Bxf7+ Rxf7 20. Rxd4 Qf8 21. e6
Rf5 22. f4 Kh8 23. g4 Re5 24. Qc3 Bxe6 25. Rd1 Bc4+ 26. Kg2 Bd5 27. Rxd5 cxd5
28. Qxe5+ Kg8 29. Qxd5+ Kh8 30. Qe5+ Kg8 31. Qe6+ Kh8 32. Rc1 Kg7 33. Rc7 Re8
34. Nd6 Kh8 35. Nxe8 Qxe8 36. Rxe7 Qa8+ 37. Kg3 Qh1 38. Qc8# 1-0

[Event "European Youth Chess Championship G14"]
[Site "Prague, Top Hotel Prague"]
[Date "2012.08.23"]
[Round "7.28"]
[White "Kubicka, Anna"]
[Black "Keetman, Maaike"]
[Result "1/2-1/2"]
[WhiteElo "1642"]
[BlackElo "1802"]
[PlyCount "108"]
[EventDate "2012.08.17"]

1. b3 e5 2. Bb2 Nc6 3. e3 d6 4. c4 Nf6 5. Nf3 g6 6. d4 Bg7 7. dxe5 Ng4 8. Be2
Ncxe5 9. Nxe5 Nxe5 10. Nc3 Be6 11. Na4 O-O 12. O-O Qe7 13. Bf3 Bd7 14. Nc3
Nxf3+ 15. Qxf3 Bc6 16. Qe2 Rae8 17. Nd5 Bxd5 18. cxd5 Bh6 19. Qc4 f5 20. Qd4
Bg7 21. Qxg7+ Qxg7 22. Bxg7 Kxg7 23. Rac1 Rf7 24. Rc4 Kf8 25. Rfc1 Ree7 26. g3
Ke8 27. Ra4 a6 28. Rb4 b6 29. a4 a5 30. Rbc4 Kd8 31. b4 axb4 32. Rxb4 Re5 33.
Rb5 Kd7 34. a5 bxa5 35. Rxa5 Rf8 36. Rc4 Re4 37. Rxe4 fxe4 38. Ra4 Re8 39. Rc4
Re5 40. Rd4 Kc8 41. h4 Kb7 42. g4 Kb6 43. Rd1 h5 44. gxh5 Rxh5 45. Rd4 Rxh4 46.
f3 Rh3 47. fxe4 Rxe3 48. Rc4 Kb5 49. Rxc7 Rxe4 50. Rc6 Rg4+ 51. Kh2 Rc4 52.
Rxd6 Kc5 53. Ra6 Kxd5 54. Rxg6 Kd4 1/2-1/2

[Event "European Youth Chess Championship G14"]
[Site "Prague, Top Hotel Prague"]
[Date "2012.08.23"]
[Round "7.29"]
[White "Verstraeten, Iris"]
[Black "Jinely, Tamar"]
[Result "1/2-1/2"]
[WhiteElo "1639"]
[BlackElo "1789"]
[PlyCount "102"]
[EventDate "2012.08.17"]

1. e4 c5 2. Nf3 a6 3. c3 d5 4. exd5 Nf6 5. Qa4+ Qd7 6. Qxd7+ Bxd7 7. c4 e6 8.
dxe6 fxe6 9. Nc3 Nc6 10. a3 Bd6 11. Bd3 Ne5 12. Nxe5 Bxe5 13. Ne4 Bd4 14. Nxf6+
gxf6 15. Be4 O-O-O 16. O-O Ba4 17. Re1 Bb3 18. d3 f5 19. Bf3 Bc2 20. Rxe6 Bxd3
21. Be2 Bg7 22. Bg5 Rd7 23. Bxd3 Rxd3 24. Bf6 Bxf6 25. Rxf6 Rhd8 26. h3 R8d4
27. Rxf5 Rxc4 28. Re1 Rd2 29. b3 Rcc2 30. Re7 Rd7 31. Rff7 Rxe7 32. Rxe7 Rc3
33. Re3 Rc1+ 34. Kh2 Rc2 35. Kg3 Kd7 36. Kf3 b5 37. Re2 Rc3+ 38. Re3 Rc2 39.
Rd3+ Kc6 40. Ke3 c4 41. bxc4 bxc4 42. Rd4 Kc5 43. Rh4 Rc3+ 44. Kd2 Rxa3 45.
Rxh7 Ra2+ 46. Ke3 c3 47. Rc7+ Kb4 48. g4 Kb3 49. g5 Ra1 50. g6 Rg1 51. g7 c2
1/2-1/2

[Event "European Youth Chess Championship G14"]
[Site "Prague, Top Hotel Prague"]
[Date "2012.08.23"]
[Round "7.30"]
[White "Glapa, Anna"]
[Black "Roklicer, Heike"]
[Result "1-0"]
[WhiteElo "1594"]
[BlackElo "1743"]
[PlyCount "101"]
[EventDate "2012.08.17"]

1. e4 c6 2. d4 d5 3. exd5 cxd5 4. Bd3 Nc6 5. c3 Nf6 6. Bf4 Bg4 7. Qb3 Qc7 8.
Nd2 e6 9. Ngf3 Bxf3 10. Nxf3 Nh5 11. Bg3 Nxg3 12. fxg3 Bd6 13. O-O O-O 14. Qd1
h6 15. g4 Be7 16. Qd2 Qd8 17. Qf2 Qd6 18. Rae1 Bf6 19. Qe3 Qe7 20. Bc2 Bg5 21.
Qd3 g6 22. Nxg5 hxg5 23. Rf3 Kg7 24. Ref1 Rac8 25. a3 a6 26. R1f2 Rc7 27. Qe3
e5 28. dxe5 Qxe5 29. Qd3 Qd6 30. Rf6 Qc5 31. b4 Qe7 32. Rxg6+ fxg6 33. Qxg6+
Kh8 34. Qh6+ Kg8 35. Bh7+ Kh8 36. Rxf8+ Qxf8 37. Qxf8+ Kxh7 38. Qf5+ Kh8 39.
Qxg5 Re7 40. Qh5+ Kg8 41. Qxd5+ Kg7 42. h4 Ne5 43. Qd4 Kf7 44. Qd5+ Kg7 45. g5
Ng4 46. Qd4+ Ne5 47. h5 Kf7 48. Qf4+ Ke8 49. g6 Nd3 50. Qb8+ Kd7 51. Qxb7+ 1-0